Polotical Ideology in the Arab World (Record no. 13593)

MARC details
000 -LEADER
fixed length control field 00643nam a2200229 a 4500
020 ## - INTERNATIONAL STANDARD BOOK NUMBER
ISBN 9780521749343
082 00 - DEWEY DECIMAL CLASSIFICATION NUMBER
Classification number 320.50956
Author Cutter BRO
100 ## - MAIN ENTRY--AUTHOR NAME
Author name Browers, Michaelle L
245 ## - TITLE STATEMENT
Title Polotical Ideology in the Arab World
Sub title Accommodation Snd Transformation
260 ## - PUBLICATION, DISTRIBUTION, ETC. (IMPRINT)
Place of publication Cambridge
Name of publisher Cambridge University Press
Year of publication 2009
300 ## - PHYSICAL DESCRIPTION
Number of Pages 198p
500 ## - GENERAL NOTE
General note includes index and biblioraphy
650 ## - SUBJECT ADDED ENTRY--TOPICAL TERM
Topical Term Middle East-Politics
942 ## - ADDED ENTRY ELEMENTS (KOHA)
Koha item type Books
700 1# -
-- Browers, Michaelle L
Holdings
Collection code Home library Current library Date acquired Cost, normal purchase price Full call number Accession Number Koha item type
  Henry Martyn Institute Library Henry Martyn Institute Library 01/08/2010 1500.00 320.50956 BRO 023061 Books
                   Copyright © 2026 | Henry Martyn Institute | Hyderabad | TS-500052 | INDIA | Implemented by hmi.edu.in
Hit-Count:

Powered by Koha